Análisis de las disponibilidades (Registro nro. 12315)

Detalles MARC
000 -LEADER
fixed length control field 00327 a2200121 4500
001 - CONTROL NUMBER
control field ART_44144
005 - DATE AND TIME OF LATEST TRANSACTION
control field 20260410161629.0
008 - FIXED-LENGTH DATA ELEMENTS--GENERAL INFORMATION
fixed length control field 260409a
100 1# - MAIN ENTRY--PERSONAL NAME
Personal name Tapia, Gustavo N.
245 10 - TITLE STATEMENT
Title Análisis de las disponibilidades
700 1# - ADDED ENTRY--PERSONAL NAME
Personal name Aire, Carlos
773 0# - HOST ITEM ENTRY
Title Enfoques
Related parts - Nº 10 (oct. 2017)
Record control number REV416

No hay ítems disponibles.